[Event "Plunge op-A 41st"]
[Site "Plateliai"]
[Date "2022.07.22"]
[Round "7"]
[White "Misiuk, Martynas"]
[Black "Cibulskis, Vaclovas"]
[Result "0-1"]
[WhiteElo "1652"]
[BlackElo "1862"]
[PlyCount "22"]
[EventDate "2022.07.18"]
[EventType "swiss"]
[EventRounds "9"]
[EventCountry "LTU"]
[SourceTitle "CBM 209 Extra"]
[Source "ChessBase"]
[SourceDate "2022.09.30"]
[SourceVersion "1"]
[SourceVersionDate "2022.09.30"]
[SourceQuality "1"]

1. e4 e5 2. Nf3 Nc6 3. d4 exd4 4. Bc4 Be7 5. c3 Na5 6. Bxf7+ Kxf7 7. Nxd4 Nc6 8. Qf3+ Nf6 9. Nxc6 dxc6 10. e5 Bg4 11. e6+ Kf8 0-1

[Event "Plunge op-A 41st"]
[Site "Plateliai"]
[Date "2022.07.19"]
[Round "3"]
[White "Cibulskis, Vaclovas"]
[Black "Vaiciunas, Giedrius"]
[Result "0-1"]
[WhiteElo "1862"]
[BlackElo "1586"]
[PlyCount "90"]
[EventDate "2022.07.18"]
[EventType "swiss"]
[EventRounds "9"]
[EventCountry "LTU"]
[SourceTitle "CBM 209 Extra"]
[Source "ChessBase"]
[SourceDate "2022.09.30"]
[SourceVersion "1"]
[SourceVersionDate "2022.09.30"]
[SourceQuality "1"]

1. e4 e6 2. d4 d5 3. Nd2 Nf6 4. e5 Nfd7 5. Bd3 c5 6. c3 Nc6 7. Ne2 cxd4 8. cxd4 a6 9. 0-0 b5 10. f4 g6 11. Nf3 Nb6 12. b3 Bb7 13. Bb2 Be7 14. Rc1 Rc8 15. g4 h5 16. h3 hxg4 17. hxg4 Kd7 18. Kg2 Qf8 19. Qd2 Qg7 20. Rh1 Nb4 21. Bb1 Rxc1 22. Qxc1 Nc6 23. Rxh8 Qxh8 24. Ng3 Bb4 25. f5 gxf5 26. gxf5 Bf8 27. Qg5 Qg7 28. Qh5 Nd8 29. Bc1 Bb4 30. Bg5 Nc6 31. Qg4 Qf8 32. Nh5 Bc8 33. fxe6+ fxe6 34. Bf6 Be7 35. Ng5 Nd8 36. Ng7 Bxf6 37. N7xe6 Qa3 38. Nxd8+ Kxd8 39. Nf7+ Kc7 40. Qe2 Qe7 41. Nd6 Qg7+ 42. Kh2 Qh6+ 43. Kg2 Qh3+ 44. Kg1 Qg3+ 45. Kh1 Bg4 0-1

[Event "LTU-ch sf"]
[Site "Vilnius"]
[Date "2022.04.11"]
[Round "7"]
[White "Valantiejus, Vaidotas"]
[Black "Cibulskis, Vaclovas"]
[Result "1/2-1/2"]
[WhiteElo "2076"]
[BlackElo "1818"]
[PlyCount "56"]
[EventDate "2022.04.08"]
[EventType "swiss"]
[EventRounds "9"]
[EventCountry "LTU"]
[SourceTitle "CBM 207 Extra"]
[Source "ChessBase"]
[SourceDate "2022.05.31"]
[SourceVersion "1"]
[SourceVersionDate "2022.05.31"]
[SourceQuality "1"]

1. e4 e5 2. Nf3 Nc6 3. Bc4 Be7 4. 0-0 d6 5. c3 Nf6 6. Re1 0-0 7. d3 a6 8. a4 Be6 9. Bxe6 fxe6 10. Nbd2 Qd7 11. a5 h6 12. Nc4 Nh7 13. h3 Bf6 14. Ne3 g5 15. Nh2 Qf7 16. Qe2 Ne7 17. g3 Bg7 18. Rf1 Qg6 19. Bd2 d5 20. Nc2 Rad8 21. Ra4 Rd7 22. Ng4 h5 23. Nh2 Kh8 24. Raa1 Nc8 25. c4 c6 26. Bb4 Rfd8 27. Rad1 Nd6 28. Rfe1 Nf7 1/2-1/2

[Event "LTU-ch Amateurs"]
[Site "Kaunas"]
[Date "2020.08.28"]
[Round "3"]
[White "Cibulskis, Vaclovas"]
[Black "Mickunaite, Agne"]
[Result "1-0"]
[WhiteElo "1834"]
[BlackElo "1213"]
[PlyCount "101"]
[EventDate "2020.08.27"]
[EventType "swiss"]
[EventRounds "7"]
[EventCountry "LTU"]
[SourceTitle "EXT 2022"]
[Source "ChessBase"]
[SourceDate "2021.10.06"]
[SourceVersion "1"]
[SourceVersionDate "2021.10.06"]
[SourceQuality "1"]

1. e4 Nf6 2. e5 Nd5 3. c4 Nb6 4. d4 d6 5. exd6 cxd6 6. Bd3 Nc6 7. Ne2 g6 8. b3 Bg7 9. Bb2 Nb4 10. 0-0 Nxd3 11. Qxd3 Bf5 12. Qe3 0-0 13. Ng3 Qd7 14. Nd2 h5 15. Rfe1 Rfe8 16. f4 Rac8 17. Nf3 Bg4 18. Ng5 Qd8 19. h3 Bd7 20. Nf3 e6 21. Qd2 Bc6 22. Rf1 Nd7 23. Rae1 Nf6 24. Ng5 Qb6 25. Kh2 Qc7 26. Rf2 b5 27. Rc1 bxc4 28. bxc4 Qb7 29. Ba3 Rcd8 30. Qd3 h4 31. Nf1 Ne4 32. Nxe4 Bxe4 33. Qe3 e5 34. fxe5 dxe5 35. d5 Bxd5 36. cxd5 Rxd5 37. Rfc2 e4 38. Qf2 Rf5 39. Qxh4 Qa6 40. Ng3 Bf6 41. Qg4 Be5 42. Kh1 Bxg3 43. Qxg3 Rf1+ 44. Kh2 Rxc1 45. Bxc1 Qb6 46. Be3 Qb1 47. Qf2 a5 48. Rc7 f5 49. Qh4 Qxa2 50. Qh7+ Kf8 51. Qg7# 1-0

[Event "LTU-ch Amateurs"]
[Site "Kaunas"]
[Date "2020.08.27"]
[Round "1"]
[White "Cibulskis, Vaclovas"]
[Black "Alionyte, Patricija"]
[Result "1-0"]
[WhiteElo "1834"]
[BlackElo "1028"]
[PlyCount "107"]
[EventDate "2020.08.27"]
[EventType "swiss"]
[EventRounds "7"]
[EventCountry "LTU"]
[SourceTitle "EXT 2022"]
[Source "ChessBase"]
[SourceDate "2021.10.06"]
[SourceVersion "1"]
[SourceVersionDate "2021.10.06"]
[SourceQuality "1"]

1. e4 e5 2. Bc4 Nc6 3. Nf3 d6 4. 0-0 Be7 5. c3 Bg4 6. h3 Bh5 7. b4 Nf6 8. d3 0-0 9. Nbd2 Qd7 10. Re1 a6 11. Nf1 b5 12. Bb3 Rfe8 13. Ng3 Bxf3 14. Qxf3 g6 15. Bg5 Kg7 16. Rad1 h6 17. Bc1 Rh8 18. a3 a5 19. Bb2 a4 20. Ba2 Rab8 21. d4 Qe8 22. Qe3 Nd7 23. f4 Nb6 24. Rf1 Nc4 25. Bxc4 bxc4 26. fxe5 dxe5 27. Qe2 Bh4 28. Kh2 Bxg3+ 29. Kxg3 Rb6 30. Qxc4 Rb7 31. Qe2 f6 32. d5 Nb8 33. c4 c6 34. c5 Qe7 35. dxc6 Nxc6 36. Rd6 Nb8 37. Rfd1 Rd7 38. Rxd7 Nxd7 39. Qd3 Nb8 40. Qd6 Qxd6 41. Rxd6 Re8 42. Bc1 g5 43. b5 Re7 44. c6 Kf7 45. Be3 Re6 46. Rxe6 Kxe6 47. c7 Nd7 48. c8Q Ke7 49. Bc5+ Ke6 50. Qc6+ Kf7 51. Qxd7+ Kg6 52. Bf8 f5 53. Qg7+ Kh5 54. Qf7# 1-0

[Event "Plunge op 40th"]
[Site "Plateliai"]
[Date "2020.07.18"]
[Round "8"]
[White "Cibulskis, Vaclovas"]
[Black "Povilaitis, Tomas"]
[Result "0-1"]
[WhiteElo "1830"]
[BlackElo "1832"]
[PlyCount "158"]
[EventDate "2020.07.13"]
[EventType "swiss"]
[EventRounds "9"]
[EventCountry "LTU"]
[SourceTitle "CBM 197 Extra"]
[Source "ChessBase"]
[SourceDate "2020.09.30"]
[SourceVersion "1"]
[SourceVersionDate "2020.09.30"]
[SourceQuality "1"]

1. e4 c5 2. Nf3 Nc6 3. Bb5 e6 4. 0-0 Nge7 5. d4 cxd4 6. Nxd4 Qb6 7. Bxc6 Nxc6 8. Nb3 Be7 9. Be3 Qc7 10. Nc3 0-0 11. f4 b6 12. f5 Bf6 13. Bf4 Be5 14. Nb5 Qd8 15. Bxe5 Nxe5 16. Qd6 Nc4 17. Qd4 d5 18. f6 e5 19. Qc3 gxf6 20. exd5 Nd6 21. Nxd6 Qxd6 22. Qf3 f5 23. c4 Qg6 24. Rfe1 f6 25. Nd2 f4 26. Kh1 Bg4 27. Qc3 Kh8 28. b4 Rg8 29. c5 Bf5 30. Re2 Qh5 31. Rae1 Rg3 32. Nf3 Rag8 33. c6 R3g6 34. Nxe5 fxe5 35. Qxe5+ R6g7 36. Qxf4 Bh3 37. Qd4 Rf8 38. Rd2 Kg8 39. d6 Qb5 40. Qe3 Rf1+ 41. Rxf1 Qxf1+ 42. Qg1 Qf4 43. Qd1 Qe4 44. Qf1 Qxc6 45. a3 Bd7 46. Qe2 h6 47. Rd3 Qc1+ 48. Rd1 Qf4 49. Qd2 Qxd2 50. Rxd2 Kf7 51. Kg1 Ke6 52. Rd4 Bc6 53. g3 Ke5 54. Rc4 Kxd6 55. Rh4 Rg6 56. Rf4 Ke5 57. Rf8 a5 58. bxa5 bxa5 59. Rf4 a4 60. Rc4 Kd5 61. Rf4 Kc5 62. g4 Re6 63. Kf2 Re4 64. Rf6 Rxg4 65. Rxh6 Rg2+ 66. Ke1 Ra2 67. Rh3 Kc4 68. Kd1 Bd7 69. Rh7 Bg4+ 70. Kc1 Kc3 71. Rc7+ Kb3 72. Rg7 Ra1+ 73. Kd2 Rd1+ 74. Ke3 Be6 75. Rg3 Kxa3 76. h4 Rh1 77. Kf4+ Kb2 78. Rg2+ Kb1 79. Kg5 a3 0-1

[Event "Vilnius Zavanelli Memorial op-B"]
[Site "Vilnius"]
[Date "2018.10.26"]
[Round "2"]
[White "Cibulskis, Vaclovas"]
[Black "Bagdanskis, Dangis"]
[Result "0-1"]
[WhiteElo "1817"]
[BlackElo "1736"]
[PlyCount "112"]
[EventDate "2018.10.25"]
[EventType "swiss"]
[EventRounds "7"]
[EventCountry "LTU"]
[SourceTitle "CBM 187 Extra"]
[Source "ChessBase"]
[SourceDate "2018.11.04"]
[SourceVersion "1"]
[SourceVersionDate "2018.11.04"]
[SourceQuality "1"]

1. e4 c6 2. d4 d5 3. exd5 cxd5 4. Bd3 Nf6 5. h3 Nc6 6. c3 g6 7. Nf3 Bg7 8. 0-0 0-0 9. Re1 Nh5 10. g4 Nf6 11. Ne5 Nxe5 12. dxe5 Nd7 13. Bf4 Nc5 14. Bc2 b6 15. Nd2 Bb7 16. Nb3 Ne6 17. Bg3 Rc8 18. Nd4 Ng5 19. h4 Ne4 20. Bh2 Nc5 21. f3 a6 22. Qd2 Qd7 23. Kg2 Rfd8 24. Rad1 Ba8 25. Bg3 Bb7 26. Rh1 Ne6 27. h5 Rc4 28. Qe3 Nxd4 29. Rxd4 Rxd4 30. cxd4 Rc8 31. Bd3 e6 32. hxg6 fxg6 33. Bh4 Rf8 34. Bg5 Qf7 35. Rh3 Bc6 36. Qc1 Rc8 37. Qh1 Bh8 38. Rh6 Rf8 39. Qh3 Qg7 40. Bf6 Rxf6 41. exf6 Qxf6 42. Rxh7 Qxd4 43. Rc7 Qxb2+ 44. Kh1 Qc1+ 45. Bf1 Bg7 46. g5 Kf8 47. Qg2 Be5 48. Rc8+ Ke7 49. Qh3 Kd7 50. Rg8 Bb5 51. Qh7+ Kd6 52. Rd8+ Kc5 53. Rc8+ Bc6 54. Qh3 a5 55. Qg2 Kd6 56. Qe2 Qxg5 0-1